000 00423nam a2200181Ia 4500
001 3763
005 20260306145707.0
008 260306t2015||||xx |||||||||||||| ||spa||
041 _aESP
082 _a303
_bG363
100 _aGoffman, Erving
_eAUT
245 0 _aEstigma:
_bla identidad deteriorada
260 _c2015
300 _a183 páginas :
_c19 cm.
650 _aGEN
654 _aCHU
942 _cLIB
_dJUS
_fJUS
_2ddc
_n
999 _c3763
_d3763